[Event "RUS-chT U20"]
[Site "Kaliningrad"]
[Date "2013.08.07"]
[Round "6"]
[White "Nozhkin, Nikita"]
[Black "Oparin, Grigoriy"]
[Result "0-1"]
[WhiteElo "2172"]
[BlackElo "2504"]
[PlyCount "66"]
[EventDate "2013.08.02"]
[EventType "team-swiss"]
[EventRounds "9"]
[EventCountry "RUS"]
[SourceTitle "EXT 2018"]
[Source "ChessBase"]
[SourceDate "2017.10.13"]
[SourceVersion "1"]
[SourceVersionDate "2017.10.13"]
[SourceQuality "1"]

1. e4 c5 2. c3 Nf6 3. e5 Nd5 4. d4 cxd4 5. Qxd4 e6 6. Bc4 Nc6 7. Qe4 d6 8. exd6 Qxd6 9. Nf3 Be7 10. 0-0 0-0 11. Rd1 Qc7 12. Bg5 Bxg5 13. Nxg5 Nf6 14. Qh4 Ne5 15. Bb3 b6 16. Nd2 Ng6 17. Qg3 Nf4 18. Re1 Bb7 19. Nde4 N6h5 20. Qh4 h6 21. Nf3 f5 22. Nd4 Kh8 23. Nxe6 Nxe6 24. Bxe6 Nf4 25. Ng5 Nxg2 26. Qh5 Nf4 27. Qh4 Rf6 28. Bf7 Ng2 29. Qh5 Nxe1 30. Rxe1 Qf4 31. Nh3 Qg4+ 32. Qxg4 fxg4 33. Re7 Bf3 0-1

[Event "RUS-chT U20"]
[Site "Kaliningrad"]
[Date "2013.08.02"]
[Round "1"]
[White "Nozhkin, Nikita"]
[Black "Kopjonkin, Kirill"]
[Result "1-0"]
[WhiteElo "2172"]
[BlackElo "2025"]
[PlyCount "47"]
[EventDate "2013.08.02"]
[EventType "team-swiss"]
[EventRounds "9"]
[EventCountry "RUS"]
[SourceTitle "EXT 2018"]
[Source "ChessBase"]
[SourceDate "2017.10.13"]
[SourceVersion "1"]
[SourceVersionDate "2017.10.13"]
[SourceQuality "1"]

1. e4 c5 2. c3 g6 3. d4 cxd4 4. cxd4 d5 5. exd5 Nf6 6. Nc3 Nxd5 7. Bc4 Nb6 8. Bb3 Bg7 9. Nf3 Nc6 10. Be3 0-0 11. h3 Na5 12. Bc2 Nd5 13. 0-0 Nc4 14. Qe2 Be6 15. Ne4 Rc8 16. Nc5 Rxc5 17. dxc5 Bxb2 18. Rae1 Qa5 19. Bd4 Nc3 20. Qd3 Na3 21. Rxe6 fxe6 22. Bb3 Kf7 23. Ne5+ Ke8 24. Bxc3 1-0

[Event "Izmailov Memorial op 17th"]
[Site "Tomsk"]
[Date "2013.06.15"]
[Round "5"]
[White "Nozhkin, Nikita"]
[Black "Elsukov, Vladimir"]
[Result "1-0"]
[WhiteElo "2140"]
[BlackElo "1797"]
[PlyCount "51"]
[EventDate "2013.06.11"]
[EventType "swiss"]
[EventRounds "9"]
[EventCountry "RUS"]
[SourceTitle "CBM 154 Extra"]
[Source "ChessBase"]
[SourceDate "2013.06.25"]
[SourceVersion "2"]
[SourceVersionDate "2013.06.25"]
[SourceQuality "1"]

1. e4 c5 2. c3 Nf6 3. e5 Nd5 4. d4 cxd4 5. Qxd4 Nc7 6. Nf3 Ne6 7. Qh4 Nc6 8. Bd3 d6 9. exd6 Qxd6 10. Bc2 Ne5 11. Ba4+ Bd7 12. Bxd7+ Nxd7 13. 0-0 h6 14. Re1 g6 15. Na3 a6 16. Nc4 Qc7 17. Nce5 Nxe5 18. Nxe5 Qd6 19. Qe4 Nc5 20. Qf3 Rh7 21. Bf4 Qb6 22. Be3 Qc7 23. Bxc5 Qxc5 24. Qxb7 Qc8 25. Qe4 Ra7 26. Qa4+ 1-0

[Event "Izmailov Memorial op 17th"]
[Site "Tomsk"]
[Date "2013.06.14"]
[Round "4"]
[White "Puraev, Artemiy"]
[Black "Nozhkin, Nikita"]
[Result "1-0"]
[WhiteElo "2226"]
[BlackElo "2140"]
[PlyCount "71"]
[EventDate "2013.06.11"]
[EventType "swiss"]
[EventRounds "9"]
[EventCountry "RUS"]
[SourceTitle "CBM 154 Extra"]
[Source "ChessBase"]
[SourceDate "2013.06.25"]
[SourceVersion "2"]
[SourceVersionDate "2013.06.25"]
[SourceQuality "1"]

1. d4 Nf6 2. Nf3 e6 3. e3 b6 4. Bd3 Bb7 5. 0-0 c5 6. c4 Be7 7. Nc3 cxd4 8. exd4 0-0 9. d5 d6 10. dxe6 fxe6 11. Qe2 e5 12. Ng5 Qc8 13. f4 Nbd7 14. Bf5 g6 15. Be6+ Kh8 16. Nf7+ Kg7 17. fxe5 Rxf7 18. Bxf7 Nxe5 19. Bd5 Nxd5 20. Nxd5 Bxd5 21. cxd5 Qc5+ 22. Be3 Qxd5 23. a3 Re8 24. Rad1 Qe6 25. Bd4 Kg8 26. Qa6 Bf6 27. Bc3 Qe7 28. Bb4 Rd8 29. Qb5 Kh8 30. Qd5 Ng4 31. Rde1 Qg7 32. Qe6 Bd4+ 33. Kh1 h5 34. Bxd6 Bxb2 35. Rf7 Qh6 36. Qe8+ 1-0

[Event "Izmailov Memorial op 17th"]
[Site "Tomsk"]
[Date "2013.06.13"]
[Round "3"]
[White "Nozhkin, Nikita"]
[Black "Shulajakov, Alexander"]
[Result "1-0"]
[WhiteElo "2140"]
[BlackElo "1981"]
[PlyCount "78"]
[EventDate "2013.06.11"]
[EventType "swiss"]
[EventRounds "9"]
[EventCountry "RUS"]
[SourceTitle "CBM 154 Extra"]
[Source "ChessBase"]
[SourceDate "2013.06.25"]
[SourceVersion "2"]
[SourceVersionDate "2013.06.25"]
[SourceQuality "1"]

1. e4 e6 2. d4 d5 3. exd5 exd5 4. Nf3 Nf6 5. Bg5 Be7 6. Bd3 Bg4 7. 0-0 Nbd7 8. Nbd2 0-0 9. c3 c6 10. Qc2 h6 11. Bf4 Nh5 12. Be5 Bxf3 13. Nxf3 Nxe5 14. Nxe5 Nf6 15. Rae1 c5 16. f4 Nd7 17. Qe2 cxd4 18. Nxd7 Re8 19. Ne5 dxc3 20. Qh5 Bc5+ 21. Kh1 Qc7 22. bxc3 Bd6 23. Re3 Re6 24. Bf5 Re7 25. Rg3 Kf8 26. Bd3 Bxe5 27. fxe5 Rxe5 28. Rxf7+ Qxf7 29. Qxe5 Re8 30. Qd6+ Kg8 31. h3 Re6 32. Qd8+ Re8 33. Qh4 Re1+ 34. Kh2 Qc7 35. Qg4 Re3 36. Qg6 Qe5 37. Bf5 Rxg3 38. Be6+ Kh8 39. Qe8+ Kh7 1-0